Marvel Comics: Members of the Serpent Society by Picture - Statistics

General Stats
  • This quiz has been taken 20 times
  • The average score is 13 of 32
Answer Stats
Picture Answer % Correct
Diamondback
73%
Anaconda
60%
Black Mamba
60%
Bushmaster
60%
Constrictor (Frank Payne)
60%
King Cobra
60%
Viper
60%
Asp
53%
Constrictor (Frank Payne's son)
53%
Cottonmouth
53%
Death Adder (Roland Burroughs)
53%
Death Adder (Theodore Scott)
53%
Copperhead
47%
Princess Python
47%
Eel (Edward Lavell)
40%
Eel (Leopold Stryke)
40%
Rattler
40%
Sidewinder (Gregory Bryan)
40%
Sidewinder (Seth Voelker)
40%
Black Racer
33%
Cobra
33%
Puff Adder
33%
Sin
33%
Coachwhip
27%
Rock Python
27%
Boomslang
20%
Hugh Jones
20%
Fer-de-Lance
13%
Pit Viper
13%
Slither
13%
Tiger Snake
13%
Titanoboa
13%
No matching quizzes found
Score Distribution
Percent of People with Each Score
Percentile by Number Answered
Your Score History
You have not taken this quiz